[Event "Leibnizschule Hannover - Sportgymnasium Dresden"]
[Site "Internet Schulschachpokal"]
[Date "2004.02.04"]
[Round "1"]
[White "aikidomisca50"]
[Black "sporti-2"]
[Result "0-1"]
[WhiteElo "1202"]
[BlackElo "2292"]
[PlyCount "72"]
[EventDate "2003.11.19"]

1. e4 c5 2. Nf3 d6 3. Bc4 e6 4. Nc3 a6 5. O-O b5 6. Be2 Bb7 7. d4 cxd4 8. Nxd4
Nf6 9. Qd3 Nbd7 10. Bf4 e5 11. Bg5 exd4 12. Qxd4 Be7 13. Bg4 Ne5 14. Qd1 Nexg4
15. Qf3 Ne5 16. Qe2 O-O 17. Rfd1 Qc7 18. Nd5 Nxd5 19. exd5 Bxg5 20. Qh5 Bf6 21.
Qh3 Qxc2 22. Rab1 Qg6 23. Qc3 Ng4 24. Qc7 Bc8 25. Qxd6 Nxf2 26. Kxf2 Bh4+ 27.
Kg1 Qxd6 28. Rd4 Bf6 29. Rg4 Bxg4 30. Rc1 Bd4+ 31. Kh1 Qf4 32. Rd1 Bxd1 33. h3
Qf1+ 34. Kh2 Be5+ 35. g3 Qf2+ 36. Kh1 Bf3# 0-1

[Event "Leibnizschule Hannover - Sportgymnasium Dresden"]
[Site "Internet Schulschachpokal"]
[Date "2004.02.04"]
[Round "1"]
[White "heinzelmännchen"]
[Black "sporti-3"]
[Result "0-1"]
[WhiteElo "1389"]
[BlackElo "2229"]
[PlyCount "134"]
[EventDate "2003.11.19"]

1. e4 e6 2. d4 d5 3. exd5 exd5 4. Nc3 Bb4 5. Bd2 Nf6 6. Nf3 O-O 7. a3 Re8+ 8.
Be2 Bxc3 9. Bxc3 Qe7 10. Ng1 Bg4 11. f3 Bf5 12. Qd2 Nbd7 13. O-O-O Nb6 14. Re1
Qd7 15. g4 Bg6 16. f4 Ne4 17. Qd3 Nf2 18. Qf3 Be4 19. Qxf2 Bxh1 20. Bf3 Bxf3
21. Nxf3 Rxe1+ 22. Nxe1 Re8 23. g5 Nc4 24. Nd3 Qg4 25. Ne5 Nxe5 26. dxe5 b6 27.
Qd4 Qe6 28. h4 c5 29. Qa4 d4 30. Bd2 Re7 31. b3 g6 32. c4 dxc3 33. Bxc3 Rd7 34.
b4 cxb4 35. axb4 Rc7 36. Qa3 Qc4 37. Kc2 Qxf4 38. b5 Qxe5 39. Kd2 Qxc3+ 40.
Qxc3 Rxc3 41. Kxc3 f5 42. Kd3 Kf7 43. Kd4 Ke6 44. Ke3 Kd5 45. Kd3 Kc5 46. Kc3
Kxb5 47. Kd4 Kc6 48. Ke5 a5 49. Kf6 a4 50. Kg7 a3 51. Kxh7 a2 52. h5 gxh5 53.
g6 a1=Q 54. g7 Qxg7+ 55. Kxg7 f4 56. Kg6 f3 57. Kxh5 f2 58. Kg5 f1=Q 59. Kg4 b5
60. Kg5 b4 61. Kg4 b3 62. Kg5 b2 63. Kg4 b1=N 64. Kg5 Nd2 65. Kg4 Ne4 66. Kh4
Qf4+ 67. Kh3 Qg3# 0-1

[Event "Leibnizschule Hannover - Sportgymnasium Dresden"]
[Site "Internet Schulschachpokal"]
[Date "2004.02.04"]
[Round "1"]
[White "HeleneFan"]
[Black "sporti-4"]
[Result "0-1"]
[WhiteElo "1836"]
[BlackElo "2018"]
[PlyCount "102"]
[EventDate "2003.11.19"]

1. e4 d5 2. exd5 Qxd5 3. Nc3 Qa5 4. d4 c6 5. Bd2 Qb6 6. Bc4 Qxd4 7. Bb3 Nf6 8.
Nf3 Qd8 9. O-O e6 10. Qe2 Be7 11. Rad1 Qc7 12. g3 O-O 13. Bf4 Qa5 14. Ne5 Nbd7
15. Nc4 Qa6 16. Rfe1 Nd5 17. Bd2 N7f6 18. h4 Nxc3 19. Bxc3 Nd5 20. Bd4 Bf6 21.
Bxf6 Nxf6 22. h5 h6 23. Rd6 Qb5 24. Red1 Nd5 25. Qf3 Qc5 26. R6xd5 exd5 27. Ne5
Qd6 28. Re1 Qf6 29. Qd3 Bf5 30. Qd4 Rfe8 31. f4 Be4 32. Rxe4 dxe4 33. Bxf7+ Kh8
34. Bxe8 Rxe8 35. Qxe4 Kg8 36. Qc4+ Qe6 37. Qd3 Qxa2 38. Qg6 Qe6 39. Qe4 Rd8
40. Qe2 Qd5 41. Nd3 c5 42. Qe7 c4 43. Ne5 Qd1+ 44. Kg2 Rd2+ 45. Kh3 Qxh5+ 46.
Qh4 Qxh4+ 47. Kxh4 Rxc2 48. Kg4 b5 49. Nc6 Rxb2 50. Nxa7 c3 51. Nc6 c2 0-1

[Event "Leibnizschule Hannover - Sportgymnasium Dresden"]
[Site "Internet Schulschachpokal"]
[Date "2004.02.04"]
[Round "1"]
[White "debodo"]
[Black "sporti-7"]
[Result "1/2-1/2"]
[WhiteElo "1937"]
[BlackElo "1708"]
[PlyCount "117"]
[EventDate "2003.11.19"]

1. d4 Nf6 2. c4 g6 3. Nc3 Bg7 4. e4 d6 5. Nf3 O-O 6. Be2 e5 7. O-O Nc6 8. d5
Ne7 9. b4 Nh5 10. Re1 f5 11. Ng5 Nf6 12. Bf1 h6 13. Ne6 Bxe6 14. dxe6 c6 15.
Ba3 Ne8 16. c5 d5 17. exd5 cxd5 18. b5 d4 19. Na4 Kh7 20. Nb2 Nc7 21. Qb3 e4
22. Nc4 a6 23. Nb6 axb5 24. Nxa8 Nxa8 25. Bxb5 Nc7 26. c6 Nxb5 27. Qxb5 bxc6
28. Qc4 Re8 29. Bxe7 Qxe7 30. Qxc6 Rd8 31. Rad1 Rd6 32. Qc4 d3 33. g3 Rxe6 34.
a4 Rd6 35. Rxd3 Rxd3 36. Qxd3 Qb4 37. Qd1 Bd4 38. Re2 h5 39. Rd2 Bc5 40. Rd7+
Kh6 41. Qc1+ e3 42. fxe3 Qxa4 43. Qxc5 Qxd7 44. Qd4 Qc8 45. Qf4+ Kh7 46. Kg2
Qc6+ 47. Qf3 Qc2+ 48. Qf2 Qe4+ 49. Qf3 Qc2+ 50. Qf2 Qc7 51. Qf4 Qd7 52. Qf2 Kg7
53. Qb2+ Kf7 54. Qb3+ Qe6 55. Qb7+ Kf6 56. Qb2+ Qe5 57. Qb6+ Kg5 58. Qd8+ Kh6
59. Qf8+ 1/2-1/2

[Event "Humboldt-Schule Leipzig - Thürtles"]
[Site "Internet Schulschachpokal"]
[Date "2004.02.04"]
[Round "1"]
[White "felix_h"]
[Black "marcolinhio"]
[Result "0-1"]
[WhiteElo "1746"]
[BlackElo "1797"]
[PlyCount "40"]
[EventDate "2003.11.19"]

1. e4 d5 2. exd5 Qxd5 3. Nc3 Qa5 4. Nf3 Nf6 5. d3 c6 6. Bd2 Bg4 7. Be2 Bxf3 8. 
Bxf3 e6 9. O-O Be7 10. Nd5 Qd8 11. Nxe7 Qxe7 12. a3 Nbd7 13. Bb4 c5 14. Bc3 Rb8
15. b4 O-O 16. bxc5 Nxc5 17. Bb4 a5 18. Bxa5 Rfc8 19. Bb4 Qd7 20. Qe2 Nd5 
{wegen verbindungsabruch} 0-1

[Event "Humboldt-Schule Leipzig - Thürtles"]
[Site "Internet Schulschachpokal"]
[Date "2004.02.04"]
[Round "1"]
[White "Rudiriese"]
[Black "woody woodpaker"]
[Result "0-1"]
[WhiteElo "1906"]
[BlackElo "1848"]
[PlyCount "68"]
[EventDate "2003.11.19"]

1. e4 c6 2. d4 d5 3. e5 Bf5 4. Be3 Nd7 5. Nd2 e6 6. g4 Bg6 7. h4 h5 8. g5 Ne7
9. Nh3 Nf5 10. Nf4 Qb6 11. Nb3 O-O-O 12. Bd3 Be7 13. Nxg6 fxg6 14. Bxf5 gxf5
15. O-O Rdf8 16. f4 Kb8 17. Rc1 Rc8 18. c4 dxc4 19. Rxc4 Rhd8 20. Qd2 Qc7 21.
Rd1 Nb6 22. Rc2 Rd5 23. Rdc1 Rcd8 24. Nc5 Bxc5 25. Rxc5 Qe7 26. b4 Rxc5 27.
bxc5 Nd5 28. Kf2 g6 29. Rb1 Ka8 30. Rb3 Qc7 31. a4 Qd7 32. Rd3 Nxe3 33. Qxe3
Qd5 34. Qf3 Qa2+ {wegen verbindungsabruch} 0-1

[Event "Humboldt-Schule Leipzig - Thürtles"]
[Site "Internet Schulschachpokal"]
[Date "2004.02.04"]
[Round "1"]
[White "cncgott"]
[Black "BVB Fan"]
[Result "1-0"]
[WhiteElo "2024"]
[BlackElo "1779"]
[PlyCount "149"]
[EventDate "2003.11.19"]

1. d4 d5 2. c4 e6 3. Nf3 Nf6 4. g3 c6 5. Bg2 Nbd7 6. O-O Be7 7. Qc2 O-O 8. Nbd2
b6 9. e4 dxe4 10. Nxe4 Bb7 11. Ne5 Nxe4 12. Qxe4 Nf6 13. Qe2 Qxd4 14. Nxc6 Bxc6
15. Bxc6 Rac8 16. Be3 Qg4 17. f3 Qg6 18. Ba4 Bc5 19. Bxc5 Rxc5 20. Bc2 Qg5 21.
b3 Qe5 22. Qd3 Rcc8 23. Rad1 Qc5+ 24. Kg2 g6 25. Rd2 Qc7 26. Rfd1 Rfe8 27. Qd6
Qxd6 28. Rxd6 Kf8 29. Be4 Nxe4 30. fxe4 Ke7 31. Rd7+ Kf6 32. Rxa7 Ra8 33. Rf1+
Ke5 34. Rfxf7 Kxe4 35. Rxh7 Rxa7 36. Rxa7 Rd8 37. a4 Rd2+ 38. Kh3 Rb2 39. a5
bxa5 40. Rxa5 Rxb3 41. Rg5 Rc3 42. Rxg6 Kf5 43. Rg4 e5 44. Kh4 e4 45. Rf4+ Ke5
46. Kg5 Rxc4 47. h4 Rc8 48. Rf5+ Kd4 49. Kf4 e3 50. Kf3 Re8 51. Ke2 Ke4 52.
Rf4+ Kd5 53. h5 Rh8 54. g4 Re8 55. h6 Rg8 56. Kxe3 Ke5 57. Rf5+ Ke6 58. Kf4 Rh8
59. g5 Ke7 60. Rf6 Ra8 61. Kf5 Ra5+ 62. Kg6 Ra8 63. h7 Rh8 64. Kg7 Rxh7+ 65.
Kxh7 Kd7 66. Rf1 Ke6 67. g6 Ke5 68. g7 Ke4 69. g8=Q Ke3 70. Qe8+ Kd2 71. Rf7
Kc3 72. Rd7 Kc4 73. Qc8+ Kb5 74. Rb7+ Ka6 75. Qa8# 1-0

[Event "Humboldt-Schule Leipzig - Thürtles"]
[Site "Internet Schulschachpokal"]
[Date "2004.02.04"]
[Round "1"]
[White "Master-Pimp"]
[Black "Donatello"]
[Result "0-1"]
[WhiteElo "1960"]
[BlackElo "1983"]
[PlyCount "98"]
[EventDate "2003.11.19"]

1. e4 c5 2. Nf3 d6 3. d4 cxd4 4. Nxd4 Nf6 5. Nc3 a6 6. Be3 e5 7. Nb3 Be7 8. f3
Be6 9. Qe2 Qc7 10. O-O-O Nbd7 11. g4 O-O 12. g5 Nh5 13. Qf2 a5 14. Kb1 a4 15.
Nc1 a3 16. Nb5 Qc6 17. b3 Nf4 18. h4 d5 19. Bxf4 exf4 20. exd5 Bxd5 21. Be2
Rfc8 22. c4 Be6 23. Qd4 Bf5+ 24. Nd3 Nc5 25. Qxf4 Qg6 26. Qe3 Rd8 27. Nd4 Rxd4
28. Qxd4 Rd8 29. Qe3 Bxd3+ 30. Bxd3 Nxd3 31. Ka1 Bf6+ 32. Kb1 Nc5+ 33. Rd3
Qxd3+ 34. Qxd3 Rxd3 35. gxf6 gxf6 36. Rg1+ Kf8 37. Kc2 Rxf3 38. Rd1 Ne6 39. Rd7
Rf2+ 40. Kb1 Nc5 41. Rc7 Ne4 42. Rxb7 Nc3+ 43. Kc1 Nxa2+ 44. Kb1 Nc3+ 45. Kc1
a2 46. Ra7 Rf1+ 47. Kb2 Rb1+ 48. Kxc3 a1=Q+ 49. Rxa1 Rxa1 0-1

[Event "Leibnizschule Hannover - Sportgymnasium Dresden"]
[Site "Internet Schulschachpokal"]
[Date "2004.02.04"]
[Round "2"]
[White "sporti-2"]
[Black "heinzelmännchen"]
[Result "1-0"]
[WhiteElo "2292"]
[BlackElo "1389"]
[PlyCount "63"]
[EventDate "2003.11.19"]

1. e4 e5 2. Nf3 Nc6 3. Bb5 a6 4. Ba4 Nf6 5. Qe2 Nb4 6. Bb3 d6 7. c3 Nc6 8. d3
Be7 9. Nbd2 Kf8 10. Nf1 Na5 11. Bc2 Bg4 12. h3 Bxf3 13. Qxf3 b6 14. Ne3 Nb7 15.
Nf5 Nc5 16. O-O Ne6 17. d4 exd4 18. cxd4 c5 19. d5 Ng5 20. Bxg5 g6 21. Nxe7
Qxe7 22. Bxf6 Qd7 23. Bxh8 Ke7 24. Bf6+ Ke8 25. e5 dxe5 26. Rfe1 Qb5 27. Rxe5+
Kd7 28. Re7+ Kd8 29. Ra7+ Ke8 30. Re1+ Kf8 31. Rxa8+ Qe8 32. Raxe8# 1-0

[Event "Leibnizschule Hannover - Sportgymnasium Dresden"]
[Site "Internet Schulschachpokal"]
[Date "2004.02.04"]
[Round "2"]
[White "sporti-7"]
[Black "aikidomisca50"]
[Result "1-0"]
[WhiteElo "1719"]
[BlackElo "1202"]
[PlyCount "39"]
[EventDate "2003.11.19"]

1. e4 e5 2. Nf3 Nf6 3. Nc3 Nc6 4. Bb5 Bc5 5. O-O O-O 6. Nxe5 Nxe5 7. d4 Bxd4 8.
Qxd4 d6 9. Bg5 Qe7 10. Nd5 Qe6 11. Bxf6 gxf6 12. Be2 Kh8 13. Nxc7 Rb8 14. Nxe6
Bxe6 15. f4 Ng4 16. Bxg4 Bxg4 17. Qxf6+ Kg8 18. Qg5+ Kh8 19. Qxg4 Rg8 20. Qd7
1-0

[Event "Leibnizschule Hannover - Sportgymnasium Dresden"]
[Site "Internet Schulschachpokal"]
[Date "2004.02.04"]
[Round "2"]
[White "sporti-4"]
[Black "debodo"]
[Result "1-0"]
[WhiteElo "2027"]
[BlackElo "1927"]
[PlyCount "73"]
[EventDate "2003.11.19"]

1. e4 c5 2. Nf3 Nc6 3. d4 cxd4 4. Nxd4 Nf6 5. Nc3 e5 6. Ndb5 d6 7. Bg5 a6 8.
Na3 b5 9. Bxf6 gxf6 10. Nd5 f5 11. Bxb5 axb5 12. Nxb5 Ra4 13. b4 Rxb4 14. Nbc7+
Kd7 15. O-O h5 16. Nxb4 Nxb4 17. c3 Qxc7 18. cxb4 Bb7 19. Rc1 Qb6 20. Qb3 Ke7
21. exf5 Rg8 22. g3 h4 23. a4 Ba8 24. Rc8 Qb7 25. Rxa8 Qxa8 26. Rc1 h3 27. f3
Kf6 28. b5 Bh6 29. Rc6 Be3+ 30. Qxe3 Qf8 31. f4 Kxf5 32. fxe5 Rg4 33. Qf3+ Kg5
34. Qf6+ Kh5 35. Qf5+ Rg5 36. Qxh3+ Kg6 37. Rxd6+ 1-0

[Event "Leibnizschule Hannover - Sportgymnasium Dresden"]
[Site "Internet Schulschachpokal"]
[Date "2004.02.04"]
[Round "2"]
[White "sporti-3"]
[Black "HeleneFan"]
[Result "1-0"]
[WhiteElo "2229"]
[BlackElo "1826"]
[PlyCount "49"]
[EventDate "2003.11.19"]

1. d4 Nf6 2. c4 g6 3. Nc3 d5 4. Bf4 Bg7 5. e3 O-O 6. Rc1 c5 7. dxc5 Qa5 8. Nf3
dxc4 9. Bxc4 Qxc5 10. Bb3 Qa5 11. O-O Nc6 12. h3 Bf5 13. Qe2 Rad8 14. Rfd1
Rxd1+ 15. Rxd1 Rd8 16. Rxd8+ Qxd8 17. Ng5 e6 18. e4 Nh5 19. Bc1 Bxc3 20. bxc3
h6 21. Nxf7 Kxf7 22. exf5 Kf6 23. Qxe6+ Kg7 24. Bxh6+ Kxh6 25. Qxg6# 1-0

[Event "Humboldt-Schule Leipzig - Thürtles"]
[Site "Internet Schulschachpokal"]
[Date "2004.02.04"]
[Round "2"]
[White "woody woodpaker"]
[Black "felix_h"]
[Result "1-0"]
[WhiteElo "1869"]
[BlackElo "1718"]
[PlyCount "55"]
[EventDate "2003.11.19"]

1. Nc3 e6 2. d4 Nf6 3. e4 Bb4 4. Bg5 h6 5. Bxf6 Qxf6 6. Nf3 O-O 7. Bd3 d5 8. e5
Qe7 9. O-O Nc6 10. a3 Ba5 11. b4 Bb6 12. Ne2 f6 13. exf6 Qxf6 14. c3 e5 15.
dxe5 Nxe5 16. Nxe5 Bxf2+ 17. Kh1 Qxe5 18. Qd2 Bf5 19. Rxf2 Bxd3 20. Rxf8+ Rxf8
21. Qxd3 Re8 22. Ng1 b6 23. Nf3 Qd6 24. c4 dxc4 25. Qxc4+ Kh8 26. h3 Rd8 27.
Rc1 Qf4 28. Qxf4 1-0

[Event "Humboldt-Schule Leipzig - Thürtles"]
[Site "Internet Schulschachpokal"]
[Date "2004.02.04"]
[Round "2"]
[White "BVB Fan"]
[Black "Master-Pimp"]
[Result "0-1"]
[WhiteElo "1772"]
[BlackElo "1943"]
[PlyCount "92"]
[EventDate "2003.11.19"]

1. b4 c6 2. Bb2 Qb6 3. a3 a5 4. c4 axb4 5. c5 Qxc5 6. axb4 Qxb4 7. Rxa8 Qd6 8.
Ba3 Qc7 9. e3 Nf6 10. Nf3 Nd5 11. Bc4 Nb6 12. Rxb8 Qxb8 13. Bxf7+ Kxf7 14. Qb3+
Nd5 15. e4 e6 16. exd5 exd5 17. O-O Qf4 18. Qb6 Bxa3 19. Nxa3 Rf8 20. Nc2 Kg8
21. Ne3 d6 22. Qc7 Qf6 23. Re1 Qg6 24. Kf1 d4 25. Nxd4 Qd3+ 26. Ne2 Qxd2 27.
Rd1 Qxe3 28. f3 Re8 29. Re1 Bf5 30. Qxb7 Bd3 31. Qb3+ d5 32. Qb2 Bxe2+ 33. Rxe2
Qxe2+ 34. Qxe2 Rxe2 35. Kxe2 Kf7 36. Kd3 c5 37. g3 Ke6 38. Kc3 Ke5 39. Kd3 g5
40. h3 h5 41. Ke3 c4 42. Kd2 h4 43. gxh4 gxh4 44. Ke3 d4+ 45. Kd2 Kf4 46. Kc2
Kxf3 0-1

[Event "Humboldt-Schule Leipzig - Thürtles"]
[Site "Internet Schulschachpokal"]
[Date "2004.02.04"]
[Round "2"]
[White "marcolinhio"]
[Black "cncgott"]
[Result "0-1"]
[WhiteElo "1812"]
[BlackElo "2031"]
[PlyCount "70"]
[EventDate "2003.11.19"]

1. Nc3 c5 2. e4 Nc6 3. f4 e6 4. Nf3 Nge7 5. g3 d5 6. Bg2 dxe4 7. Nxe4 Nd5 8.
O-O Be7 9. d3 O-O 10. Qe2 Nd4 11. Nxd4 cxd4 12. Bd2 Qb6 13. b3 Bd7 14. Kh1 Rac8
15. Rfc1 Ba3 16. Rd1 Rxc2 17. Qf3 Rfc8 18. f5 exf5 19. Ng5 Ne3 20. Bxe3 Bc6 21.
Qxf5 Bxg2+ 22. Kg1 Qg6 23. Qxg6 hxg6 24. Bxd4 f6 25. Ne6 Bf3 26. Re1 Rg2+ 27.
Kf1 Rcc2 28. Nf4 Rxh2 29. Bg1 Rh1 30. Re8+ Kf7 31. Rae1 g5 32. Ne2 Bc5 33. d4
Bxd4 34. Re7+ Kg8 35. Nxd4 Bg2# {mar verliert, obwohl er staendig stoerte} 0-1

[Event "Humboldt-Schule Leipzig - Thürtles"]
[Site "Internet Schulschachpokal"]
[Date "2004.02.04"]
[Round "2"]
[White "Donatello"]
[Black "Rudiriese"]
[Result "0-1"]
[WhiteElo "2000"]
[BlackElo "1885"]
[PlyCount "128"]
[EventDate "2003.11.19"]

1. e4 c5 2. Nf3 d6 3. d4 cxd4 4. Nxd4 Nf6 5. Nc3 e6 6. Be3 Be7 7. Be2 O-O 8.
O-O Nc6 9. Qd2 e5 10. Nb3 Be6 11. Rad1 Ng4 12. Bxg4 Bxg4 13. f3 Be6 14. Nb5 Bc4
15. Nxd6 Bxd6 16. Qxd6 Qxd6 17. Rxd6 Bxf1 18. Kxf1 Rfd8 19. Rxd8+ Rxd8 20. c3
Rd1+ 21. Ke2 Rd7 22. Nc5 Rc7 23. Nd3 b6 24. b3 g6 25. c4 f5 26. g3 Kf7 27. Bc1
Nd4+ 28. Ke3 Nc6 29. Bb2 Ke6 30. f4 exf4+ 31. Nxf4+ Kf7 32. Nd5 Rd7 33. exf5
gxf5 34. Kf4 Ne7 35. Nxe7 Rxe7 36. Be5 Ke6 37. Bd4 Rd7 38. Ke3 Kf7 39. h3 Re7+
40. Kf3 Re1 41. Bf2 Ra1 42. c5 bxc5 43. Bxc5 Rxa2 44. Kf4 Ke6 45. b4 Ra1 46. h4
h6 47. g4 Rf1+ 48. Kg3 f4+ 49. Kg2 Ra1 50. Kf3 Ke5 51. Bf8 Ra3+ 52. Kf2 Ra6 53.
Kf3 Rb6 54. Bc5 Ra6 55. Bf8 Ra3+ 56. Kf2 Ke4 57. Bxh6 Ra2+ 58. Kg1 Kf3 59. g5
Rg2+ 60. Kf1 Rh2 61. Kg1 Rxh4 62. b5 Rh5 63. Bf8 Rxg5+ 64. Kf1 Rxb5 0-1

[Event "Leibnizschule Hannover - Sportgymnasium Dresden"]
[Site "Internet Schulschachpokal"]
[Date "2004.02.04"]
[Round "3"]
[White "heinzelmännchen"]
[Black "sporti-7"]
[Result "0-1"]
[WhiteElo "1389"]
[BlackElo "1720"]
[PlyCount "164"]
[EventDate "2003.11.19"]

1. e4 c5 2. Nf3 d6 3. Nc3 e5 4. Bc4 Be6 5. Bxe6 fxe6 6. O-O Nf6 7. d3 Nc6 8.
Bg5 Nd4 9. Ne2 Nxf3+ 10. gxf3 h6 11. Bxf6 Qxf6 12. Ng3 g6 13. c3 h5 14. b4 b6
15. bxc5 dxc5 16. d4 exd4 17. cxd4 O-O-O 18. e5 Qg5 19. Qc1 Qxc1 20. Raxc1 Rxd4
21. Rfd1 Rxd1+ 22. Rxd1 Bg7 23. f4 Rd8 24. Re1 Bh6 25. Re4 Rd4 26. Rxd4 cxd4
27. Ne2 d3 28. Nc3 Bxf4 29. Kf1 Bxe5 30. Ne4 Bxh2 31. f3 Bf4 32. Ke1 d2+ 33.
Nxd2 Bxd2+ 34. Kxd2 Kd7 35. a4 Kd6 36. f4 Kd5 37. Kd3 a6 38. Ke3 b5 39. axb5
axb5 40. Kd3 e5 41. Ke3 e4 42. Ke2 Kd4 43. Kd2 e3+ 44. Ke2 b4 45. Kd1 Kd3 46.
Ke1 b3 47. Kd1 b2 48. Ke1 b1=N 49. Kf1 Nd2+ 50. Ke1 Nf3+ 51. Kf1 e2+ 52. Kf2
e1=N 53. f5 gxf5 54. Kf1 Nc2 55. Kf2 Ne5 56. Kf1 f4 57. Kf2 Ne3 58. Ke1 N3g4
59. Kf1 f3 60. Kg1 h4 61. Kf1 h3 62. Kg1 f2+ 63. Kf1 Ke4 64. Ke2 h2 65. Kf1 Ng6
66. Ke2 h1=N 67. Kf1 Ng3+ 68. Kg2 Nf5 69. Kf1 Nfh4 70. Ke2 Nf3 71. Kf1 Nfh2+
72. Kg2 f1=N 73. Kg1 Nf4 74. Kh1 Nf2+ 75. Kg1 N2h3+ 76. Kh1 Ng5 77. Kg1 Kf3 78.
Kh1 Ng4 79. Kg1 Nfe3 80. Kh1 Kg3 81. Kg1 Ngh3+ 82. Kh1 Ngf2# 0-1

[Event "Leibnizschule Hannover - Sportgymnasium Dresden"]
[Site "Internet Schulschachpokal"]
[Date "2004.02.04"]
[Round "3"]
[White "HeleneFan"]
[Black "sporti-2"]
[Result "1/2-1/2"]
[WhiteElo "1823"]
[BlackElo "2292"]
[PlyCount "53"]
[EventDate "2003.11.19"]

1. e4 e6 2. Nf3 c5 3. c3 Qa5 4. Be2 Nc6 5. O-O Nf6 6. e5 Nd5 7. d4 cxd4 8. cxd4
d6 9. a3 Qb6 10. h3 Be7 11. b4 O-O 12. b5 Nb8 13. Bg5 f6 14. Bd2 Nd7 15. Nc3
Nxc3 16. Bxc3 d5 17. Bd3 Qd8 18. Re1 fxe5 19. Nxe5 Nxe5 20. Rxe5 Bf6 21. Rh5 g6
22. Rxh7 Kxh7 23. Qh5+ Kg8 24. Qxg6+ Bg7 25. Qh7+ Kf7 26. Qg6+ Kg8 27. Qh7+
1/2-1/2

[Event "Leibnizschule Hannover - Sportgymnasium Dresden"]
[Site "Internet Schulschachpokal"]
[Date "2004.02.04"]
[Round "3"]
[White "debodo"]
[Black "sporti-3"]
[Result "1/2-1/2"]
[WhiteElo "1914"]
[BlackElo "2233"]
[PlyCount "62"]
[EventDate "2003.11.19"]

1. d4 Nf6 2. c4 e6 3. Nf3 b6 4. g3 Ba6 5. Nbd2 Bb4 6. Qc2 Bb7 7. Bg2 Be4 8. Qd1
O-O 9. O-O Bxd2 10. Bxd2 d6 11. Bc3 Nbd7 12. Nd2 Bxg2 13. Kxg2 d5 14. cxd5 Nxd5
15. e4 Nxc3 16. bxc3 c5 17. Nf3 cxd4 18. cxd4 Rc8 19. Qd3 Nf6 20. Rac1 Qe7 21.
Ne5 Qb7 22. f3 Rc7 23. Rxc7 Qxc7 24. h4 Rd8 25. Rd1 Rc8 26. Kh3 Nd7 27. Ng4 Qc3
28. Ne3 Qxd3 29. Rxd3 Kf8 30. Ra3 Rc7 31. d5 b5 1/2-1/2

[Event "Leibnizschule Hannover - Sportgymnasium Dresden"]
[Site "Internet Schulschachpokal"]
[Date "2004.02.04"]
[Round "3"]
[White "aikidomisca50"]
[Black "sporti-4"]
[Result "0-1"]
[WhiteElo "1200"]
[BlackElo "2040"]
[PlyCount "68"]
[EventDate "2003.11.19"]

1. e4 d5 2. Nc3 dxe4 3. Nxe4 Bf5 4. Ng3 Bg6 5. Nf3 Nf6 6. Bc4 e6 7. Ne5 Nbd7 8.
Nxg6 hxg6 9. O-O Bd6 10. d3 Qe7 11. Qf3 O-O-O 12. Ba6 bxa6 13. Qa8+ Nb8 14.
Qxa7 Bc5 15. Qa8 Rxh2 16. Kxh2 Ng4+ 17. Kg1 Qh4 18. Rd1 Qxg3 19. Qf3 Qxf3 20.
gxf3 Nxf2 21. Rf1 Nxd3+ 22. Kg2 Nxc1 23. Rfxc1 Rd4 24. c3 Rd2+ 25. Kg3 Rxb2 26.
Rh1 Bd6+ 27. f4 g5 28. Rh8+ Kb7 29. Rh7 Bxf4+ 30. Kg4 f5+ 31. Kf3 Be5 32. Rh5
g4+ 33. Ke3 Nc6 34. Rhh1 Bxc3 0-1

[Event "Humboldt-Schule Leipzig - Thürtles"]
[Site "Internet Schulschachpokal"]
[Date "2004.02.04"]
[Round "3"]
[White "Rudiriese"]
[Black "BVB Fan"]
[Result "0-1"]
[WhiteElo "1909"]
[BlackElo "1763"]
[PlyCount "54"]
[EventDate "2003.11.19"]

1. e4 c6 2. d4 d5 3. e5 Bf5 4. Nc3 e6 5. g4 Bg6 6. Nge2 c5 7. Be3 cxd4 8. Nxd4
Bb4 9. Bb5+ Nd7 10. f4 Bxc3+ 11. bxc3 Be4 12. Rf1 Ne7 13. f5 exf5 14. gxf5 O-O
15. f6 Ng6 16. e6 Nxf6 17. exf7+ Rxf7 18. Qd2 Qd6 19. c4 a6 20. Ba4 Rc8 21. c5
Qe7 22. c6 b5 23. Bb3 Ne5 24. O-O-O Nxc6 25. Nf5 Qe5 26. Nd4 a5 27. Nxc6 Qa1#
0-1

[Event "Humboldt-Schule Leipzig - Thürtles"]
[Site "Internet Schulschachpokal"]
[Date "2004.02.04"]
[Round "3"]
[White "cncgott"]
[Black "woody woodpaker"]
[Result "1-0"]
[WhiteElo "2039"]
[BlackElo "1879"]
[PlyCount "103"]
[EventDate "2003.11.19"]

1. d4 d5 2. c4 e6 3. Nf3 Nf6 4. g3 Be7 5. Bg2 O-O 6. O-O c6 7. Qc2 Nbd7 8. Nbd2
a6 9. e4 dxe4 10. Nxe4 Nxe4 11. Qxe4 Nf6 12. Qe2 b5 13. cxb5 axb5 14. Ne5 Bb7
15. Nxc6 Bxc6 16. Bxc6 Rc8 17. Bxb5 Qxd4 18. Be3 Qb4 19. a3 Qe4 20. Bd3 Qe5 21.
Rac1 Nd5 22. Ba7 Qf6 23. Qe4 g6 24. Bd4 Qg5 25. f4 Qh5 26. Qe5 Bf6 27. Qe4 Qf5
28. Bxf6 Qxf6 29. Qe5 Qxe5 30. fxe5 Rb8 31. b4 Rfd8 32. Be4 Ne3 33. Rfe1 Ng4
34. Bf3 Nh6 35. Rc7 Rd3 36. Bc6 Rxa3 37. b5 Nf5 38. Rd1 Re3 39. Rdd7 Nh6 40.
Rb7 Ra8 41. Ra7 Rb8 42. Ra6 Rxe5 43. b6 Rc5 44. b7 Rc1+ 45. Kg2 Rc2+ 46. Kh3 g5
47. Ra8 g4+ 48. Kh4 Rxh2+ 49. Kg5 f6+ 50. Kxf6 Rf2+ 51. Ke5 Re2+ 52. Kd6 1-0

[Event "Humboldt-Schule Leipzig - Thürtles"]
[Site "Internet Schulschachpokal"]
[Date "2004.02.04"]
[Round "3"]
[White "felix_h"]
[Black "Donatello"]
[Result "0-1"]
[WhiteElo "1701"]
[BlackElo "1976"]
[PlyCount "134"]
[EventDate "2003.11.19"]

1. e4 c5 2. Nf3 d6 3. d4 cxd4 4. Nxd4 Nf6 5. Nc3 a6 6. Be3 e5 7. Nb3 Be7 8. Be2
b5 9. O-O Bb7 10. f3 Nbd7 11. Qd2 Qc7 12. Rad1 O-O 13. g4 Rfc8 14. a3 Nb6 15.
Na5 Nc4 16. Nxc4 bxc4 17. Na4 d5 18. Nb6 d4 19. Nxa8 Bxa8 20. Bf2 Qb6 21. c3
Bc5 22. cxd4 exd4 23. Bxd4 Rd8 24. Bxc5 Qxc5+ 25. Kg2 Rxd2 26. Rxd2 Bc6 27.
Rfd1 h6 28. Rd4 Bb5 29. R1d2 c3 30. bxc3 Bxe2 31. Rxe2 Qxc3 32. Rd8+ Kh7 33. e5
Qc7 34. Rd6 Nd7 35. Rxa6 Nxe5 36. Ra4 Qc3 37. Rf2 Qb3 38. Re4 Nd3 39. Rfe2 Qxa3
40. R2e3 Nf4+ 41. Kg3 Qd6 42. Kf2 Qd2+ 43. Kg3 g5 44. Rxf4 gxf4+ 45. Kxf4 Qxh2+
46. Ke4 Qd6 47. Rd3 Qe6+ 48. Kd4 f5 49. gxf5 Qxf5 50. Re3 Qf4+ 51. Kd3 Kg6 52.
Ke2 h5 53. Re4 Qh2+ 54. Ke3 h4 55. Rg4+ Kf5 56. Ra4 Qe5+ 57. Kf2 Qg3+ 58. Ke3
h3 59. Ra5+ Ke6 60. Rh5 h2 61. Rh6+ Kf7 62. Rh7+ Kg6 63. Rh8 Qe5+ 64. Kf2 Qxh8
65. f4 h1=Q 66. f5+ Kxf5 67. Kg3 Q8h4# 0-1

[Event "Humboldt-Schule Leipzig - Thürtles"]
[Site "Internet Schulschachpokal"]
[Date "2004.02.04"]
[Round "3"]
[White "Master-Pimp"]
[Black "marcolinhio"]
[Result "0-1"]
[WhiteElo "1953"]
[BlackElo "1804"]
[PlyCount "154"]
[EventDate "2003.11.19"]

1. e4 d5 2. exd5 Qxd5 3. Nc3 Qa5 4. d4 c6 5. Bc4 Nf6 6. Nf3 Bg4 7. Bd2 e6 8.
Qe2 Be7 9. O-O-O O-O 10. Nd5 Qd8 11. Nxe7+ Qxe7 12. h3 Bxf3 13. Qxf3 Nbd7 14.
g4 Nb6 15. Bd3 Qd6 16. c3 Qd5 17. Qxd5 exd5 18. Rde1 Rfe8 19. Bf4 Rxe1+ 20.
Rxe1 Re8 21. Rxe8+ Nxe8 22. Bb8 a6 23. Ba7 Nc8 24. Bb8 Ned6 25. Kd2 Kf8 26. Ke3
g6 27. Kf4 f6 28. h4 Kf7 29. h5 Ne8 30. c4 Ne7 31. b3 Ng7 32. hxg6+ hxg6 33. g5
Ne6+ 34. Kg4 Nxg5 35. Bd6 Ne6 36. Bxe7 Kxe7 37. Bxg6 Nxd4 38. Kf4 dxc4 39. bxc4
Ke6 40. Bd3 c5 41. Be4 b5 42. Bd5+ Kd6 43. Ke4 b4 44. f4 a5 45. Kd3 a4 46. Kd2
Ne6 47. Kc2 Nxf4 48. Bf7 Ke5 49. Be8 a3 50. Bf7 Kd4 51. Bg8 Nd3 52. Bf7 Nb2 53.
Bg8 Nxc4 54. Kb3 Ne5 55. Bh7 Nd3 56. Bf5 Nc1+ 57. Kc2 Nxa2 58. Kb3 Nc1+ 59. Kc2
Ne2 60. Kb3 a2 61. Kxa2 Kc3 62. Kb1 b3 63. Bg4 Nd4 64. Be2 Nxe2 65. Ka1 Kb4 66.
Kb1 c4 67. Kb2 c3+ 68. Kb1 Ka3 69. Ka1 Nd4 70. Kb1 f5 71. Kc1 c2 72. Kd2 Kb2
73. Kd3 c1=Q 74. Kxd4 Qc3+ 75. Kd5 Kc2 76. Ke6 b2 77. Kf7 b1=Q 0-1